000 00832nam a2200253 4500
003 OSt
005 20260601193841.0
008 260421b1988 xxu |||| |||| 00| 0 eng d
020 _a0465067107
040 _aICI
_bspa
_cICI
050 _aTS171.4
_bN67 2002
100 1 _aDonald A. Norman
245 1 _aThe Design of everyday things
_cDonald A. Norman
264 _bBasic Books
_c1988
_a New York
300 _a257 páginas
_b ilustraciones
336 _atexto
_2rdacontent
337 _asin medio
_2rdamedia
338 _avolumen
_2rdacarrier
500 _a Publicado de la reimpresión original: The psychology of everyday things. New York : Basic Books, c1988
500 _aWith a new introduction by the author"--Cubierta
650 _aDiseño industrial
_xAspectos psicológicos
650 _aErgonomía
942 _2ddc
_cB
999 _c21442
_d21442